Statistiken für Geographie A-Z #5

Klicken Sie hier um das Quiz zu spielen!

Allgemein

  • Dieses Quiz wurde 1.524 mal gespielt
  • Das Durchschnittsergebnis liegt bei 17 aus 26

Antwortstatistiken

HinweisAntwort% Korrekt
KSeine größte Stadt heißt TorontoKanada
95%
ZKroatische HauptstadtZagreb
93%
MStadtstaat an der Côte d'AzurMonaco
90%
RAfrikanischer BinnenstaatRuanda
88%
GSchottlands größte StadtGlasgow
86%
NNeapel, auf italienischNapoli
86%
WWeite, trockene GegendWüste
84%
APlatos HeimatAthen
82%
ULand am Schwarzen MeerUkraine
82%
OUS-Staat mit 6 BuchstabenOregon
78%
EZentralamerikanische NationEl Salvador
75%
DHauptstadt KatarsDoha
73%
CEin Strand von Rio de JaneiroCopacabana
73%
PLetzte deutsche Stadt an der DonauPassau
70%
HWo sich Erde und Himmel treffenHorizont
69%
JLand von Montego BayJamaika
58%
LFranzösisches Tal mit vielen SchlössernLoire
54%
YStadt an der Bucht von TokioYokohama
51%
TPlatz mit der NelsonsäuleTrafalgar
51%
VSchlacht des 1. Weltkrieges 1916Verdun
51%
IEin anderer Strand von RioIpanema
49%
SJapanische ReligionShinto
36%
FAnderer Name für TaiwanFormosa
27%
BFundy oder Kotor, z.B.Bucht
21%
XSüdafrikanisches BantuvolkXhosa
19%
QEiner der sieben Hügel RomsQuirinal
16%

Verteilung der Resultate

Perzentil nach korrekt beantworteten Fragen

Anzahl Personen mit jedem Resultat

Ihre Resultats-Entwicklung

Sie haben dieses Quiz noch nicht gespielt